000 00630nam a2200205 a 4500
005 20250215063803.0
008 070611s2000 cl r 000 0 spa d
020 _a9583006491
035 _aUPN01000150451
049 _aCG
050 4 _aPQ7082 C8
_bC8.36
245 0 0 _aCuentos urbanos /
_cselec. de Guido L. Tamayo S. ; il. Jorge Alberto Avila.
260 _aSantafé de Bogotá :
_bPanamericana,
_c2000.
300 _a144 p. :
_bil.
440 3 _aEl pozo y el péndulo
650 4 _aCUENTOS LATINOAMERICANOS
_912678
650 2 _aSociología urbana
_95891
700 1 _aTamayo Sánchez, Guido L.,
_ecomp.
905 _aLibro
999 _c122592
_d122592